00886nam a22002777a 450000500170000001000280001702000260004502000230007102000320009403500130012603500170013903500130015603700210016903700130019008200080020310000200021124501360023125000170036726000290038427000390041330000240045250000500047650000450052670000180057170000190058920170707104634.0 aBAC-EN21 ENG-111666 a9788121903400c350.00 a8121903408c350.00 a9788121903400c425.00 (AV) aEN-95198 aB-589485-521 aB-668126 bTechniz/Venadpl bDBAD/PUB a350 aVishnoo Bhagwan aPublic administration for the aspirants......different Indian universities /cby Vishnoo Bhagwan, Vidya Bhushan [and] Vandana Mohla a23rd rev. ed c2014aNew DelhibS.Chand a7361, Ram NagarbNew Delhie110055 c24cm(pbk)avi,711p. aIncludes bibliographical references and index aSupply received revised price Rs. 425.00 aVidya Bhushan aMohla, Vandana